Schaum's outline of theory and problems of XML

Uloženo v:
Podrobná bibliografie
Hlavní autor: Ed Tittel
Médium: Kniha
Jazyk:Undetermined
Vydáno: New York McGraw-Hill 2002
Témata:
Tagy: Přidat tag
Žádné tagy, Buďte první, kdo otaguje tento záznam!
Thư viện lưu trữ: Trung tâm Học liệu Trường Đại học Cần Thơ
LEADER 00518nam a2200181Ia 4500
001 CTU_54715
008 210402s9999 xx 000 0 und d
020 |b 227000 
082 |a 005.7592 
082 |b T622 
100 |a Ed Tittel 
245 0 |a Schaum's outline of theory and problems of XML 
245 0 |c Ed Tittel 
260 |a New York 
260 |b McGraw-Hill 
260 |c 2002 
650 |a xml ( document markup language ),eXtensible markup language 
980 |a Trung tâm Học liệu Trường Đại học Cần Thơ